Sun Jiadong : life of an aerospace scientist (Record no. 587766)
[ view plain ]
| 000 -LEADER | |
|---|---|
| fixed length control field | 00400nam a22001577a 4500 |
| 003 - CONTROL NUMBER IDENTIFIER | |
| control field | NUST |
| 020 ## - INTERNATIONAL STANDARD BOOK NUMBER | |
| International Standard Book Number | 9787508542768 |
| 038 ## - RECORD CONTENT LICENSOR | |
| Staff Name | Muhammad Ibrahim |
| 082 ## - DEWEY DECIMAL CLASSIFICATION NUMBER | |
| Classification number | 808.02 |
| Author Mark | JIA 2019 |
| 100 ## - MAIN ENTRY--PERSONAL NAME | |
| Personal name | Jianmeng, Wang |
| 9 (RLIN) | 88764 |
| 245 ## - TITLE STATEMENT | |
| Title | Sun Jiadong : life of an aerospace scientist |
| Statement of responsibility, etc. | Wang Jianmeng |
| 260 ## - PUBLICATION, DISTRIBUTION, ETC. | |
| Place of publication, distribution, etc. | China |
| Name of publisher, distributor, etc. | Intercontinental press |
| Date of publication, distribution, etc. | 2019 |
| 300 ## - PHYSICAL DESCRIPTION | |
| Extent | 212p |
| 563 ## - BINDING INFORMATION | |
| Binding note | PB |
| 942 ## - ADDED ENTRY ELEMENTS (KOHA) | |
| Source of classification or shelving scheme | |
| Koha item type | Book |
| Withdrawn status | Lost status | Source of classification or shelving scheme | Damaged status | Not for loan | Permanent Location | Current Location | Shelving location | Date acquired | Total Checkouts | Full call number | Barcode | Date last seen | Price effective from | Koha item type |
|---|---|---|---|---|---|---|---|---|---|---|---|---|---|---|
| Centre for International Peace & Stability (CIPS) | Centre for International Peace & Stability (CIPS) | General Stacks | 02/03/2022 | 808.02 JIA 2019 | CIPSD0000616 | 02/03/2022 | 02/03/2022 | Book |
